Loading...
| Science - Physics | 0 | 9 | 2 | 1 | 80 | 59 | 108.22 | 1 | 3 | 0.00 | 0.00 |
| Science - Chemistry | 0 | 7 | 2 | 2 | 60 | 101 | 126.29 | 0 | 0 | 0.00 | 0.00 |
| Mythology | 0 | 3 | 0 | 3 | 30 | 147 | 149.00 | 0 | 0 | 0.00 | 0.00 |
| Fine Arts - Other | 0 | 2 | 0 | 0 | 20 | 99 | 118.50 | 0 | 0 | 0.00 | 0.00 |
| Science - Other | 0 | 2 | 0 | 0 | 20 | 86 | 91.50 | 0 | 1 | 0.00 | 0.00 |
| History - Other | 0 | 3 | 3 | 0 | 15 | 116 | 131.67 | 0 | 0 | 0.00 | 0.00 |
| Literature - British | 0 | 1 | 0 | 0 | 10 | 94 | 94.00 | 0 | 1 | 0.00 | 0.00 |
| Fine Arts - Painting & Sculpture | 0 | 1 | 0 | 1 | 10 | 157 | 157.00 | 0 | 0 | 0.00 | 0.00 |
| History - European | 0 | 2 | 2 | 0 | 10 | 71 | 105.50 | 0 | 1 | 0.00 | 0.00 |
| History - World | 0 | 1 | 0 | 0 | 10 | 163 | 163.00 | 0 | 0 | 0.00 | 0.00 |
| Literature - European | 0 | 1 | 0 | 0 | 10 | 153 | 153.00 | 0 | 0 | 0.00 | 0.00 |
| Philosophy | 0 | 1 | 0 | 0 | 10 | 147 | 147.00 | 0 | 0 | 0.00 | 0.00 |
| Fine Arts - Classical Music | 0 | 0 | 0 | 0 | 0 | 0.00 | 0 | 0 | 0.00 | 0.00 |